A-Z birds - Statistics

General Stats
  • This quiz has been taken 79 times
  • The average score is 18 of 25
Answer Stats
Picture Answer % Correct
Crow
97%
Flamingo
97%
Eagle
95%
Hummingbird
95%
Albatross
90%
Puffin
90%
Vulture
90%
Mallard
87%
Quail
87%
Robin
85%
Ibis
80%
Osprey
79%
Starling
75%
Wren
72%
Jay
70%
Kestrel
70%
Gannet
59%
Nuthatch
57%
Teal
56%
Zebra finch
54%
Bittern
51%
Umbrella bird
49%
Lapwing
48%
Yellowhammer
36%
Dotterel
21%
No matching quizzes found
Score Distribution
Percent of People with Each Score
Percentile by Number Answered
Your Score History
You have not taken this quiz